000 00675nam a2200277Ia 4500
005 20260324130416.0
008 008 260324s9999 xx 000 0 eng d
020 _a9780429235504
037 _aEBOOK
040 _aCRL
040 _beng
040 _cCRL
041 _2eng
041 _aeng
084 _qCRL
100 _aLeanne E. Atwater; David A. Waldman
_91181656
245 0 _aLeadership, Feedback and the Open Communication Gap
260 _bTaylor and Francis
260 _c2007
365 _a
365 _b220
856 _uhttp://www.taylorfrancis.com/books/9780429235504
942 _cEBOOK
999 _c1777823
_d1777823